000
00453nam a2200133Ia 4500
008
100328s9999 xx 000 0 und d
082
_b
38871
100
_a
पंडीत राम-अनु.
245
_a
उर्दु गीतकाव्य
260
_b
अभिव्यक्ती पेपर बॉक्स
630
_a
उर्दु गीतकाव्य
730
_a
उर्दु गीतकाव्य
942
_c
BOOK
999
_c
527959
_d
527956